|
|
|
|
| LEADER |
00000cam a2200000 i 4500 |
| 001 |
1/86202 |
| 008 |
080523s1951 gre d |
| 035 |
|
|
|l 10097603
|
| 040 |
|
|
|a GR-MY-UA
|b gre
|e aacr
|
| 041 |
0 |
|
|a gre
|
| 082 |
0 |
|
|a 369.43
|2 (22)
|
| 110 |
2 |
|
|a Σώμα Ελλήνων Προσκόπων.
|
| 245 |
1 |
0 |
|a Εγκόλπιον προσκόπου Α' τάξεως /
|c Σώμα Ελλήνων Προσκόπων
|
| 260 |
|
|
|a Αθήναι :
|b Σ.Ε.Π.,
|c 1951
|
| 300 |
|
|
|a 256 σ.;
|b εικ.;
|c 17 εκ.
|
| 500 |
|
|
|a "Υπό την γενικήν αρχηγίαν της Α. Μ. του Βασιλέως"
|
| 650 |
0 |
0 |
|a Scouting (Youth activity)
|
| 650 |
0 |
0 |
|a Youth
|x Attitudes.
|
| 650 |
0 |
0 |
|a Boy Scouts.
|
| 852 |
|
|
|a INST
|b RHODES
|c AKA
|e 20080523
|h 369.43 ΣΩΜ
|p 005400029190
|q 005400029190
|t BK
|y 0
|
| 901 |
|
|
|a BIBL4-2008-2
|
| 909 |
|
|
|a Ρ
|b 150216
|
| 970 |
|
|
|a ΧΑΡΙΟΠΟΛΙΤΟΥ
|b ΚΩΝΣΤΑΝΤΙΝΑ
|z 2008/05/23
|